| 000 | 01402nam a22002657a 4500 | ||
|---|---|---|---|
| 003 | AR-RoUNCS | ||
| 005 | 20260306102504.0 | ||
| 007 | ta | ||
| 008 | 171018s2022 ag gr 000 f spa | ||
| 015 | _aAR-2022 | ||
| 020 | _a978-950-7720-9 | ||
| 040 |
_aAR-BaBN _bspa _cAR-RoUNCS _eaacr |
||
| 044 |
_aag _car-c |
||
| 080 | 1 |
_a82-312.4(82) _22016 |
|
| 100 | 1 |
_aEtcheves, Florencia, _d1971- _eautora _4aut |
|
| 245 | 1 | 0 |
_aCornelia / _cFlorencia Etcheves. |
| 250 | _a1a ed. | ||
| 260 |
_aC.A.B.A. : _bPlaneta, _c2022. |
||
| 300 |
_a368 p. ; _c19 cm. |
||
| 490 | 0 |
_aBiblioteca Centenario YPF ; _v4 |
|
| 520 | 3 | _aLa joven Cornelia desaparece en una pequeña localidad de la Patagonia argentina durante un viaje de estudios con cuatro compañeras. De ella sólo queda una cadena tirada en la nieve. Diez años después de la desaparición de la chica, Pipa, una de las cuatro amigas decide reabrir el caso ante la insistencia de la madre al descubrir que una persona anónima ha estado publicando en el diario una esquela por su hija cada año. El carácter personal de la investigación despierta los fantasmas del pasado, algo para lo cual la agente no está preparada. Una novela absorbente que va mas allá de la búsqueda y denuncia para tratar un problema contemporáneo. (Descripción del editor) | |
| 650 | 7 |
_2embne _aLiteratura argentina |
|
| 655 | 7 |
_aNovelas policiacas _2embne |
|
| 942 |
_2udc _cOG _n0 |
||
| 999 |
_c941 _d941 |
||